Rocket league maps - Statistics

General Stats
  • This quiz has been taken 629 times
  • The average score is 5 of 11
Answer Stats
Hint Answer % Correct
makes ur ping bad aquadome
58%
Normal beckwith park
58%
Normal Dfh stadium
56%
Normal mannfield
55%
Hated neo tokyo
52%
hoops dunk house
50%
bad for air drags wasteland
48%
dropshot core 707
41%
hated starbase arc
38%
Normal Urban central
30%
Normal Utopia coliseum
23%
No matching quizzes found
Score Distribution
Percent of People with Each Score
Percentile by Number Answered
Your Score History
You have not taken this quiz